Litigating Conspiracy An Analysis of Competition Class Actions /

Detalles Bibliográficos
Autor principal: Pitel, Stephen G. A.
Formato: eBook
Lenguaje:inglés
Publicado: Toronto: Irwin Law Inc., 2006
Materias:
Acceso en línea:Acceso restringido

MARC

LEADER 00000nam a22000007a 4500
005 20210901210758.0
007 cr|||| |||
008 210901s2006 ca |||||s|||| 00||0 eng d
020 |a 9781459313781 
035 |a 35326 
040 |a vLex 
090 |c 12188  |d 12188 
100 1 |a Pitel, Stephen G. A. 
245 1 0 |a Litigating Conspiracy  |h [Recurso electrn̤ico] :  |b An Analysis of Competition Class Actions /  |c Stephen G.A. Pitel 
256 |a Servicio en ln̕ea 
260 |a Toronto:  |b Irwin Law Inc.,  |c 2006 
300 |a 1 recurso electrn̤ico 
500 |a The articles in this collection focus on the intersection of competition law and class actions. They consider the role that class actions can play in achieving an optimally competitive market for goods and services and in providing compensation for those who have suffered as a result of anticompetitive conduct. They examine key issues such as the appropriate test for class action certification and acceptable methodologies for calculating damages, and in doing so, they bring to bear the views of legal academics, economists, and experienced practising lawyers. This book grew out of a symposium held at the Faculty of Law at the University of Western Ontario in late March 2005. The symposium brought together Canadian academics working in either the competition or class action field, practitioners involved in competition class action cases, judges who had heard some of these cases, and American academics who contributed a valuable comparative law perspective. The speakers each contributed an article to this collection, as did many of the commentators. 
506 1 |a Disponible solo en los productos indicados  |d vLex Global  |d vLex Global (Academic Edition, excluding Law Schools)  |d vLex Global (U.S. Academic Edition, Law Schools)  |d vLex Global (U.S. Academic Edition, excluding Law Schools)  |d vLex Global (Academic Edition, Law Schools) 
650 0 4 |a Derecho Comunitario  |z Canad̀ 
740 0 |a vLex Libros (Servicio en ln̕ea) 
856 4 0 |u https://app.vlex.com/#/sources/35326  |z Acceso restringido 
942 |c BOOK 
999 0 |a Community Law